| 000 | 00577nam a2200181Ia 4500 | ||
|---|---|---|---|
| 003 | LK-CoDNM | ||
| 008 | 010623t1923 xxu||||| |||| 00| 1 sin d | ||
| 040 |
_aLK-CoDNM _dLK-CoDNM _eLK-CoDNM |
||
| 041 | _asin | ||
| 080 | _a104 B 4 | ||
| 100 | _aAmarasingha,F.P. | ||
| 245 | _aසිංහවල්ලි කථාව,සුප්පාදේවිගේ ජීවිත කථාව | ||
| 246 | _aSinhavalli Kathaawa*****Suppadevige Jeevitha Kathaawa | ||
| 260 |
_bLankabhinava _aColombo _c1923 |
||
| 300 | _b16p, 21 cm | ||
| 650 | _aOrigin of Sinhalese Nation | ||
| 942 | _cBK | ||
| 999 |
_c91993 _d91993 |
||